It looks like you're offline.
Open Library logo
additional options menu

MARC record from Internet Archive

LEADER: 00898cam 2200277 i 4500
001 390827
005 19860627000000.0
008 790820s1979 nyuaf 001 0aeng
035 $9(DLC) 79001848
906 $a7$bcbc$corignew$d1$eocip$f19$gy-gencatlg
010 $a 79001848
020 $a0151421641
040 $aDLC$cDLC$dDLC
043 $an-us---
050 00 $aBX6495.T53$bA38
082 00 $a280/.4$aB
100 1 $aThurman, Howard,$d1900-1981.
245 10 $aWith head and heart ; the autobiography of Howard Thurman.
250 $a1st ed.
260 $aNew York :$bHarcourt Brace Jovanovich,$cc1979.
300 $a274 p., [4] leaves of plates :$bill. ;$c24 cm.
500 $aIncludes index.
600 10 $aThurman, Howard,$d1900-1981.
650 0 $aBaptists$xClergy$xBiography.
650 0 $aClergy$zUnited States$xBiography.
991 $bc-GenColl$hBX6495.T53$iA38$p00014148474$tCopy 1$wBOOKS